000
00324nam a2200145Ia 4500
003
OSt
005
20240409101742.0
008
170524s9999 xx 000 0 und d
020
_a
0070473811
040
_c
IIMTU MEERUT
100
_a
LOUNDON
245
0
_a
CONSUMER BEHAVIOUR
260
_a
TATA MC GRAW HILL
942
_2
ddc
_c
02
999
_c
2038
_d
2038